000 00775nab a2200241 u 4500
001 10815
003 HDC
007 cr bn ---aaaaa
008 210205d9999 |r|noo 0 a eng d
040 _aHDC
245 0 _aHalfest 2014 Targets RM10 Million Sales
260 _a[no place] :
_b[publisher not identified],
_c[no year]
336 _atext
_2rdacontent
337 _acomputer
_2rdamedia
338 _aonline resource
_2rdacarrier
650 _ahalal fair
_zMalaysia
_911073
650 _aHalfest 2014
_910447
710 _aBernama
856 _zRequest full-text at [email protected]
942 _2lcc
942 _cNEWS
942 _kNWSO 001239
999 _c8138
_d8138